Countries with Jollibee - Statistics

General Stats
  • This quiz has been taken 157 times
  • The average score is 13 of 18
Answers on the Map
Answers color-coded by a green-red scale on the quiz's map according to % correct below.
 
Answer Stats
Answer % Correct
United States
98%
Canada
96%
United Kingdom
92%
Philippines
88%
Spain
85%
Vietnam
80%
Malaysia
77%
Italy
76%
Singapore
76%
United Arab Emirates
68%
Saudi Arabia
67%
Qatar
64%
Brunei
62%
Oman
61%
Bahrain
59%
Kuwait
59%
Hong Kong
34%
Macau
29%
No matching quizzes found
Score Distribution
Percent of People with Each Score
Percentile by Number Answered
Your Score History
You have not taken this quiz